| 000 | 00533nam a2200145Ia 4500 | ||
|---|---|---|---|
| 008 | 100204s9999 xx 000 0 und d | ||
| 082 | _b6057 | ||
| 100 | _aपंडित बाळ ज. | ||
| 245 | _a"क्रिकेट - चौकार , षटकार" | ||
| 260 |
_b"नीळकंठ प्रकाशन, पुणे" _c1971 |
||
| 300 | _a140 | ||
| 630 | _a"क्रिकेट - चौकार , षटकार" | ||
| 730 | _a"क्रिकेट - चौकार , षटकार" | ||
| 942 | _cBOOK | ||
| 999 |
_c450553 _d450550 |
||